Statistics for Title in the Lyrics - Nine Inch Nails

Click here to take the quiz!

General Stats

  • This quiz has been taken 60 times
  • The average score is 10 of 15

Answer Stats

Lyrics% Correct
I want to fuck you like an animal / My whole existence is flawed / You get me {closer} to god
100%
And you could have it all / My empire of dirt / I will let you down / I will make you {hurt}
92%
Will you bite {the} {hand} {that} {feeds} you? / Will you stay down on your knees?
90%
There is no you / There is {only} me
83%
{Head} {like} {a} {hole} / Black as your soul / I'd rather die than give you control
81%
I was up above it / Now I'm {down} {in} {it}
73%
There is no love here and there is no pain / {Every} {day} {is} {exactly} {the} {same}
71%
And your strain / It gets under my skin / Within, take in / The extent of my {sin}
69%
Hey God / I think you owe me a great big apology / {Terrible} {lie}
67%
You and me / {We're} {in} {this} {together} now / None of them can stop us now
63%
Don't open your eyes take it from me / I have found / You can find / {Happiness} {in} {slavery}
54%
I got my fist / I got my plan / I got {survivalism}
46%
I know it's not the right thing / And I know it's not the good thing / But {kinda} {I} {want} {to}
40%
You are {the} {perfect} {drug} / {The} {perfect} {drug} / {the} {perfect} {drug}
35%
{Deep}... / All I can do / Driving me through / Into you
19%

Score Distribution

Percentile by Number Answered

Percent of People with Each Score

Your Score History

You have not taken this quiz